000 00290nam a2200109Ia 4500
008 200302s9999 xx 000 0 und d
100 _aAkeru Barros Pereira and Other
245 _aThe Indo-Portuguese House
260 _bArchitecture autonomous Published
260 _c2013
300 _a108 P.,
999 _c4041
_d4041